000 00557nam a2200229Ia 4500
003 OSt
005 20221005113921.0
006 a|||||r|||| 00| 0
007 ta
008 221004b |||||||| |||| 00| 0 mar d
024 _a40156
037 _cTextual
040 _aCRL
_cCRL
_bmar
041 _2mar
_amar
082 _aO155,1:g, D5
100 _aLele
_9625156
245 0 _aAlankarprakash
300 _a284p.
_ccm.
650 _aMARATHI LITERATURE
_938000
942 _hO155,1:g, D5
_cTEXL
_2cc
999 _c1029731
_d1029731